[Event "Chigorin mem"]
[Site "St Petersburg"]
[Date "1999.11.06"]
[Round "5"]
[White "Malinin, Yuri"]
[Black "Sirotkina, Nina"]
[Result "1-0"]
[WhiteElo "2351"]
[BlackElo "2260"]

1.d4 d5 2.c4 e6 3.Nc3 Be7 4.Nf3 Nf6 5.Bf4 O-O 6.e3 b6 7.Rc1 Bb7 8.cxd5 exd5
9.Be2 c5 10.dxc5 bxc5 11.O-O Nbd7 12.Ne5 Nxe5 13.Bxe5 Nd7 14.Bg3 Nb6 15.Bf3 Qd7
16.a4 Rfd8 17.a5 Nc4 18.a6 Bxa6 19.Nxd5 Nxb2 20.Qb3 Bxf1 21.Rxf1 Bd6 22.Qxb2 Bxg3
23.fxg3 Qe6 24.Qb7 a5 25.Kh1 Qa6 26.Qb1 Rab8 27.Qc1 Rd7 28.Rd1 Rdb7 29.Be4 c4
30.Qd2 h6 31.h3 Rb2 32.Qc3 Kh8 33.Ne7 R2b3 34.Qd4 Re8 35.Qd7 Rbb8 36.Rd6 Qb5
37.Rxh6+ gxh6 38.Qd4+  1-0

[Event "ch-ESP (team) Div 2"]
[Site "Cala Galdana ESP"]
[Date "1999.11.12"]
[Round "5"]
[White "Alvarez Ibarra,R"]
[Black "Hernando,A"]
[Result "1-0"]
[WhiteElo "2401"]
[BlackElo "2201"]

1.d4 d5 2.Nf3 Nf6 3.c4 e6 4.Nc3 Be7 5.Bf4 O-O 6.e3 c6 7.Qc2 Nbd7 8.Rd1 Qa5
9.Bd3 dxc4 10.Bxc4 b5 11.Bd3 b4 12.Qa4 Qxa4 13.Nxa4 Nd5 14.Ne5 Nxf4 15.exf4 Nxe5
16.fxe5 Rd8 17.Bc4 a5 18.Nc5 Kf8 19.Ke2 a4 20.b3 axb3 21.axb3 Bxc5 22.dxc5 Rxd1
23.Rxd1 Ba6 24.Rd4 Bxc4+ 25.Rxc4 Rd8 26.Rxb4 Rd5 27.Rb8+ Ke7 28.Rb7+ Ke8
29.b4 Rxe5+ 30.Kd3 Rf5 31.Rc7 Rxf2 32.Rxc6 Rb2 33.Kc3 Rb1 34.Rb6 Kd7  1-0

[Event "Den Bosch"]
[Site "Hertogenbosch NED"]
[Date "1999.11.20"]
[Round "3"]
[White "Van der Sterren,P"]
[Black "Stone,R"]
[Result "1-0"]
[WhiteElo "2535"]
[BlackElo "2340"]

1.d4 Nf6 2.c4 e6 3.Nf3 d5 4.Nc3 Be7 5.Bf4 O-O 6.e3 c5 7.dxc5 Nc6 8.cxd5 exd5
9.Be2 Bxc5 10.O-O Be6 11.Rc1 Rc8 12.Bg5 Be7 13.Qa4 Qb6 14.Rc2 h6 15.Bh4 Rfd8
16.Rd2 Ne4 17.Bxe7 Nxd2 18.Bxd8 Nxf3+ 19.Bxf3 Rxd8 20.Qb5 Qxb5 21.Nxb5 a6
22.Nc7 Rd7 23.Nxe6 fxe6 24.Rc1 Kf7 25.h4 Ke7 26.Be2 Kd6 27.f4 Rc7 28.Bg4 e5
29.Rd1 d4 30.Bf3 Ke6 31.Bxc6 bxc6 32.fxe5 dxe3 33.Rd3 Kxe5 34.Rxe3+ Kd4 35.Ra3 Ra7
36.Kf2 c5 37.Ra4+ Kd5 38.b3 a5 39.Ke3 Kc6 40.Ke4  1-0

[Event "7th Young Masters"]
[Site "Loures POR"]
[Date "1999.11.27"]
[Round "5"]
[White "Galego,L"]
[Black "Conceicoa,P"]
[Result "1-0"]
[WhiteElo "2427"]
[BlackElo "2058"]

1.d4 Nf6 2.Nf3 d5 3.c4 e6 4.Nc3 Be7 5.Bf4 O-O 6.e3 a6 7.c5 Nc6 8.h3 b6 9.cxb6 cxb6
10.Rc1 Bd6 11.Bxd6 Qxd6 12.Bd3 e5 13.dxe5 Nxe5 14.Be2 Rd8 15.O-O Nxf3+ 16.Bxf3 Be6
17.Qd4 b5 18.Rfd1 Rac8 19.Ne2 Rxc1 20.Rxc1 Nd7 21.Qf4 Ne5 22.Nd4 Nd3 23.Qxd6 Rxd6
24.Rb1 Ne5 25.Be2 Nc6 26.Rc1 Nxd4 27.exd4 Kf8 28.Rc7 Ke8 29.Bd3 g6 30.Kf1 Kd8
31.Ra7 h5 32.h4 Kc8 33.Ke2 Bd7 34.Ra8+ Kc7 35.Rf8 Be6 36.f3 Rd8 37.Rxd8 Kxd8
38.a4 Bd7 39.Ke3 Ke7 40.Kf4 Kf6 41.g4 Bc6 42.axb5 axb5 43.b4 Bd7 44.Bf1 Bc6
45.Bh3 hxg4 46.fxg4 Ke7 47.h5 gxh5 48.gxh5 Kf6 49.Bc8 Ke7 50.Kf5 f6 51.h6 Kf7
52.Be6+ Kf8 53.Kxf6  1-0

[Event "Eu Team Ch (women)"]
[Site "Batumi GEO"]
[Date "1999.11.29"]
[Round "1"]
[White "Radziewicz,I"]
[Black "Babaeva,F"]
[Result "1-0"]
[WhiteElo "2395"]
[BlackElo "2133"]

1.Nf3 d5 2.d4 Nf6 3.c4 e6 4.Nc3 Be7 5.Bf4 O-O 6.e3 c5 7.dxc5 Bxc5 8.Qc2 Nc6
9.a3 Qa5 10.O-O-O Be7 11.Kb1 Bd7 12.Nd2 Rfc8 13.g4 b5 14.cxb5 Nd8 15.g5 Nh5
16.Nb3 Qb6 17.Be5 a6 18.Bd4 Qb8 19.b6 g6 20.f4 Nc6 21.Be2 Nxd4 22.Nxd4 Ng7
23.Qb3 Qb7 24.a4 Rc5 25.Rc1 Rb8 26.Na2 Qxb6 27.Qxb6 Rxb6 28.Rxc5 Bxc5 29.a5 Rb8
30.Bxa6 Ba3 31.b4 Bxb4 32.Nxb4 Rxb4+ 33.Kc2 Ra4 34.Nb3 Nf5 35.Ra1 Kf8 36.Rxa4 Bxa4
37.Bb7 Nd6 38.a6 Nb5 39.Kb2 Na7 40.Nc5 Bb5 41.Kc3 Ke7 42.Kd4 Kd6 43.e4 Nc6+
44.Bxc6 Bxc6 45.Nb7+ Kc7 46.Na5 Ba8 47.exd5 exd5 48.Kc5 Kb8 49.Nb3 Ka7 50.Kb5 d4
51.Nxd4 Be4 52.Ka5 Bd5 53.Nb5+ Kb8 54.Kb6  1-0

[Event "Eu Team Ch"]
[Site "Batumi GEO"]
[Date "1999.11.29"]
[Round "1"]
[White "Kempinski,R"]
[Black "Frois,A"]
[Result "1-0"]
[WhiteElo "2549"]
[BlackElo "2397"]

1.d4 d5 2.c4 e6 3.Nf3 Nf6 4.Nc3 Be7 5.Bf4 O-O 6.e3 c5 7.dxc5 Nc6 8.a3 Bxc5
9.Qc2 Qa5 10.O-O-O Be7 11.Nd2 Bd7 12.g4 Rfc8 13.Be2 e5 14.g5 exf4 15.gxf6 Bxf6
16.Nxd5 Be6 17.Ne4 Bh4 18.Rhg1 Bxd5 19.Rxd5 Qc7 20.Rh5 Be7 21.Rxh7 g6 22.Rh5 f3
23.Qc3 f6 24.Nxf6+  1-0

[Event "Eu Team Ch"]
[Site "Batumi GEO"]
[Date "1999.12.02"]
[Round "4"]
[White "Pelletier,Y"]
[Black "Arlandi,E"]
[Result "1/2-1/2"]
[WhiteElo "2479"]
[BlackElo "2465"]

1.d4 Nf6 2.c4 e6 3.Nf3 d5 4.Nc3 Be7 5.Bf4 O-O 6.e3 c5 7.dxc5 Bxc5 8.a3 Nc6
9.Qc2 Qa5 10.O-O-O Be7 11.Nd2 Qb6 12.Bd3 d4 13.Na4 Qa5 14.c5 e5 15.Nc4 Qc7
16.Bg3 dxe3 17.fxe3 Be6 18.Bf5 Bxf5 19.Qxf5 Na5 20.Bxe5 Nb3+ 21.Kb1 Qc6 22.Bxf6 Bxf6
23.Qd7 Rac8 24.Qxc6 Rxc6 25.Nd2 Nxc5  1/2-1/2

[Event "Eu Team Ch"]
[Site "Batumi GEO"]
[Date "1999.12.02"]
[Round "4"]
[White "Pelletier,Y"]
[Black "Arlandi,E"]
[Result "1/2-1/2"]
[WhiteElo "2479"]
[BlackElo "2465"]

1.d4 Nf6 2.c4 e6 3.Nf3 d5 4.Nc3 Be7 5.Bf4 O-O 6.e3 c5 7.dxc5 Bxc5 8.a3 Nc6
9.Qc2 Qa5 10.O-O-O Be7 11.Nd2 Qb6 12.Bd3 d4 13.Na4 Qa5 14.c5 e5 15.Nc4 Qc7
16.Bg3 dxe3 17.fxe3 Be6 18.Bf5 Bxf5 19.Qxf5 Na5 20.Bxe5 Nb3+ 21.Kb1 Qc6 22.Bxf6 Bxf6
23.Qd7 Rac8 24.Qxc6 Rxc6 25.Nd2 Nxc5 26.Nc4 Nb3 27.Rd5 Rcc8 28.Rdd1 Ra8 29.Nd2 Nc5  1/2-1/2

[Event "Eu Team Ch (women)"]
[Site "Batumi GEO"]
[Date "1999.12.07"]
[Round "9"]
[White "Ioseliani,N"]
[Black "Babaeva,F"]
[Result "1/2-1/2"]
[WhiteElo "2504"]
[BlackElo "2133"]

1.d4 d5 2.c4 e6 3.Nc3 Nf6 4.Nf3 Be7 5.Bf4 O-O 6.e3 c5 7.dxc5 Bxc5 8.a3 Nc6
9.cxd5 Nxd5 10.Nxd5 exd5 11.Be2 Be6 12.O-O h6 13.Rc1 Bb6 14.Bb5 Rc8 15.Qd3 Qf6
16.b4 Rfd8 17.Bxc6 bxc6 18.Be5 Qf5 19.Qxf5 Bxf5 20.Bd4 Bd3 21.Rfe1 Bb5 22.Rc3 Bxd4
23.Nxd4 Bc4 24.e4 g6 25.e5 Re8 26.f4 f5 27.g4 fxg4 28.Rg3 h5 29.h3 Rf8 30.Ne6 Rfe8
31.Nc5 Rf8 32.hxg4 Rxf4 33.gxh5 Rf5 34.hxg6 Re8 35.e6 Kg7 36.e7 d4 37.Rg4 Bd5
38.Na6 Rh8 39.Rg2 Bxg2 40.Kxg2 Rhh5  1/2-1/2

[Event "Bundesliga 1999-2000"]
[Site "Castrop Rauxel GER"]
[Date "1999.12.12"]
[Round "6"]
[White "Kengis,E"]
[Black "Boensch,U"]
[Result "1-0"]
[WhiteElo "2573"]
[BlackElo "2547"]

1.Nf3 d5 2.d4 Nf6 3.c4 e6 4.Nc3 Be7 5.Bf4 O-O 6.e3 c5 7.dxc5 Bxc5 8.cxd5 exd5
9.Be2 Nc6 10.O-O Be6 11.Rc1 Bb6 12.Nb5 Ne4 13.Nbd4 Bd7 14.Nxc6 Bxc6 15.b4 a6
16.a4 Qe8 17.a5 Ba7 18.Nd4 Ba4 19.Qd3 Rc8 20.Nf5 Qe6 21.Rxc8 Rxc8 22.Qxd5 Qxd5
23.Ne7+ Kf8 24.Nxd5 Rd8 25.Nb6 Bxb6 26.axb6 Bb5 27.Bxb5 axb5 28.Rc1 Nc3 29.Kf1 Nd5
30.Bc7 Rd7 31.Rc5 Ke7 32.e4 Nxb4 33.Re5+ Kf6 34.Rxb5 Na6 35.Be5+ Kg6 36.Bc3 f6
37.Ke2 Kf7 38.f4 Ke6 39.g4 Rd6 40.f5+ Kf7 41.e5 fxe5 42.Bxe5 Rd7 43.h4 g6
44.fxg6+ hxg6 45.Ke3 Re7 46.Kf4 Re6 47.Kg5 Nb4 48.Rxb4 Rxe5+ 49.Kh6 Re6 50.g5 Kg8
51.Rc4 Rxb6 52.Rc7 Kf8 53.h5 gxh5+ 54.g6 Ke8 55.Kh7 Kd8 56.Rf7 Ke8 57.Rf5 Re6
58.g7 Re7 59.Kg6 Rxg7+ 60.Kxg7 Kd7 61.Rxh5 Kc6 62.Kf6 b5 63.Ke6 b4 64.Rg5  1-0

[Event "Open"]
[Site "Padova ITA"]
[Date "1999.12.14"]
[Round "3"]
[White "Ortega,Le"]
[Black "Timoscenko,G"]
[Result "1/2-1/2"]
[WhiteElo "2499"]
[BlackElo "2536"]

1.d4 d5 2.c4 e6 3.Nf3 Nf6 4.Nc3 Be7 5.Bf4 O-O 6.e3 c5 7.dxc5 Bxc5 8.cxd5 Nxd5
9.Nxd5 exd5 10.a3 Nc6 11.Bd3 Be7 12.O-O Bf6 13.Rc1 Be6 14.b4 a6 15.h3 Rc8
16.Rc5 Be7 17.Rc2 Bf6 18.Qb1 g6 19.Rfc1 Qe7 20.Rc5 Ra8 21.Qc2 Rfc8 22.Qd2 Qd8
23.Bb1 Be7 24.R5c3 Bf6 25.Rd3 Qb6 26.Ba2 a5 27.Bxd5 Bxd5 28.Rxd5 axb4 29.axb4 Qxb4
30.Qxb4 Nxb4 31.Rxc8+ Rxc8 32.Rd7 b5 33.Be5 Bxe5 34.Nxe5 f6 35.Ng4 Rc6 36.Nh6+ Kf8
37.Rf7+ Ke8 38.Rb7 Nd3 39.Rxb5 Rc1+ 40.Kh2 Nxf2 41.Rb7 Nd1 42.Ng4  1/2-1/2

[Event "Young Masters"]
[Site "Groningen NED"]
[Date "1999.12.20"]
[Round "2"]
[White "Kasimdzhanov,R"]
[Black "Niklasch,O"]
[Result "1-0"]
[WhiteElo "2603"]
[BlackElo "2363"]

1.d4 Nf6 2.c4 e6 3.Nf3 d5 4.Nc3 Be7 5.Bf4 O-O 6.e3 c5 7.dxc5 Bxc5 8.a3 Nc6
9.b4 Be7 10.cxd5 exd5 11.Be2 Be6 12.Nd4 Nxd4 13.Qxd4 Rc8 14.O-O a6 15.Rfd1 Qd7
16.Be5 Rfd8 17.h3 Qe8 18.Rac1 Qf8 19.Na4 Rxc1 20.Rxc1 Rc8 21.Rxc8 Qxc8 22.Nc5 a5
23.Nxe6 fxe6 24.bxa5 Qc1+ 25.Kh2 Nd7 26.Bg4 Kf7 27.Qf4+ Nf6 28.Bxf6 gxf6
29.Qb8 Qd2 30.Bh5+ Kg7 31.Qxb7  1-0

[Event "Open"]
[Site "Groningen NED"]
[Date "1999.12.27"]
[Round "8"]
[White "Epishin,V"]
[Black "Niklasch,O"]
[Result "1-0"]
[WhiteElo "2657"]
[BlackElo "2363"]

1.d4 Nf6 2.c4 e6 3.Nf3 d5 4.Nc3 Be7 5.Bf4 O-O 6.e3 c5 7.dxc5 Bxc5 8.a3 Nc6
9.b4 Be7 10.cxd5 Nxd5 11.Nxd5 exd5 12.Bd3 Bf6 13.Rc1 Bg4 14.O-O d4 15.e4 Re8
16.h3 Bxf3 17.Qxf3 Ne5 18.Bxe5 Bxe5 19.Qg4 a5 20.Rc5 axb4 21.axb4 Bd6 22.Rd5 Qe7
23.f4 Rad8 24.b5 Bb4 25.Rg5 Qf8 26.e5 Rc8 27.Qh5 g6 28.f5 Bd2 29.fxg6  1-0

[Event "It A"]
[Site "Paretana ESP"]
[Date "1999.12.29"]
[Round "3"]
[White "Garcia Ilundain,D"]
[Black "Narciso Dublan,M"]
[Result "1/2-1/2"]
[WhiteElo "2510"]
[BlackElo "2447"]

1.Nf3 d5 2.d4 Nf6 3.c4 e6 4.Nc3 Be7 5.Bf4 O-O 6.e3 c5 7.dxc5 Nc6 8.Rc1 Bxc5
9.cxd5 exd5 10.Nxd5 Nxd5 11.Rxc5 Nxf4 12.Qxd8 Rxd8 13.exf4 Bg4  1/2-1/2

[Event "AUT-chT 9900"]
[Site "Austria"]
[Date "1999.??.??"]
[Round "2.2"]
[White "Freitag, Manfred"]
[Black "Frosch, Erich"]
[Result "1-0"]
[WhiteElo "2373"]
[BlackElo "2297"]

1.d4 d5 2.c4 e6 3.Nf3 Nf6 4.Nc3 Be7 5.Bf4 O-O 6.e3 c6 7.Qc2 Nbd7 8.h3 a6
9.Rd1 b5 10.c5 b4 11.Nb1 a5 12.Qa4 Bb7 13.a3 bxa3 14.bxa3 Ne4 15.Bd3 f5 16.Qc2 g5
17.Bh2 Qe8 18.Nbd2 Qh5 19.Rb1 Bc8 20.Ne5 Nxe5 21.Bxe5 Bf6 22.Bxf6 Rxf6 23.Rb6 Bd7
24.Nf3 Be8 25.Ne5 Rc8 26.Bxe4 fxe4 27.Qe2 Qxe2+ 28.Kxe2 Bh5+ 29.g4 Rcf8 30.Rf1 Be8
31.f3 h5 32.Rbb1 exf3+ 33.Rxf3 Rxf3 34.Nxf3 Bg6 35.Rb6 Bd3+ 36.Kxd3 Rxf3
37.Rxc6 Kf7 38.Rc7+ Ke8 39.Rg7 Rxh3 40.Rxg5 h4 41.Rg8+ Kd7 42.Rg7+ Kd8 43.g5 Rh1
44.Rh7 h3 45.g6 h2 46.g7 Rg1 47.Rxh2 Rxg7 48.Rh8+ Ke7 49.Ra8 Rg1 50.Rxa5 Ra1
51.Ra6 Kd7 52.Ke2 Ke7 53.Kd2 Kd7 54.a4 Ra2+ 55.Kd3 Ra3+ 56.Ke2 Ra2+ 57.Kf3 Ke7
58.e4 dxe4+ 59.Kxe4  1-0

[Event "Bagneux"]
[Site "Bagneux"]
[Date "1999.??.??"]
[Round "5"]
[White "Doornbos, Yann"]
[Black "Gollain, Marc"]
[Result "1-0"]
[WhiteElo "2340"]
[BlackElo "2215"]

1.d4 d5 2.c4 e6 3.Nc3 Nf6 4.Nf3 Be7 5.Bf4 O-O 6.e3 c6 7.Qc2 Nbd7 8.cxd5 exd5
9.Bd3 Re8 10.g4 Nf8 11.h3 Be6 12.O-O-O Rc8 13.Kb1 Qa5 14.Nd2 b5 15.Be5 N6d7
16.f4 f6 17.f5 Bf7 18.Bf4 a6 19.Rhg1 Kh8 20.g5 fxg5 21.Bxg5 Nf6 22.Nb3 Qb6
23.Nc5 Bxc5 24.dxc5 Qd8 25.Qg2 N8d7 26.Bh6 g6 27.fxg6 hxg6 28.Qf2 Rg8 29.Rdf1 Ne5
30.Bg5  1-0

[Event "Landesliga Nord 9899"]
[Site "Bayern"]
[Date "1999.??.??"]
[Round "?"]
[White "Rebscher, Ralf"]
[Black "Schulte, Ralph"]
[Result "0-1"]
[WhiteElo "1900"]
[BlackElo "1990"]

1.d4 d5 2.Nf3 Nf6 3.c4 e6 4.Nc3 Be7 5.Bf4 O-O 6.e3 b6 7.cxd5 exd5 8.Bd3 Bb7
9.Rc1 Nbd7 10.O-O c5 11.h4 Re8 12.Nb5 Rf8 13.Bc7 Qc8 14.Bd6 Bxd6 15.Nxd6 Qc6
16.Nf5 Rfe8 17.Ng5 h6 18.Nh3 Ne4 19.Qg4 Qf6 20.f3 Nd6 21.Nxg7 Qxg7 22.Qxd7 Rad8
23.Qa4 Rxe3 24.Rcd1 c4 25.Bb1 Rde8 26.Qd7 Bc8 27.Qxd6 Bxh3 28.Rd2 Re2 29.Rxe2 Rxe2
30.Qd8+ Qf8 31.Qxf8+ Kxf8 32.gxh3 Rxb2 33.Rd1 c3 34.Bd3 Rxa2 35.Rc1 Ra3 36.Rb1 Ke7
37.Kf2 Kd6 38.Ke2 Kc7 39.Bc2 a5 40.Kd3 Kc6 41.Rb3 Ra1 42.Rxc3+ Kd7 43.Rb3 Kc6
44.Bb1 a4 45.Rb4 a3 46.Bc2 Rf1 47.Ra4 Rxf3+ 48.Kd2 Kb5 49.Ra7 Kc4 50.Ra4+ Kb5
51.Ra7 Rxh3 52.Bd3+ Kb4 53.Rb7 Rh2+ 54.Be2 Rxe2+ 55.Kxe2 b5 56.Kd2 a2 57.Ra7 Kb3
58.Kc1 f5 59.Kd2 b4 60.Kc1 f4 61.Kd2 Kb2 62.Ra4 a1=Q 63.Rxb4+ Ka3  0-1

[Event "Landesliga Nord 9899"]
[Site "Bayern"]
[Date "1999.??.??"]
[Round "?"]
[White "Link, Klaus"]
[Black "Murmann, Andreas"]
[Result "1/2-1/2"]
[WhiteElo "1980"]
[BlackElo "1980"]

1.Nf3 Nf6 2.c4 e6 3.Nc3 d5 4.d4 Be7 5.Bf4 O-O 6.e3 b6 7.cxd5 exd5 8.Rc1 a6
9.h3 Bb7 10.Bd3 Nbd7 11.O-O c5 12.dxc5 Nxc5 13.Bb1 Ne6 14.Bh2 Rc8 15.Ne2 Rxc1
16.Qxc1 Bd6 17.Rd1 Bxh2+ 18.Nxh2 Qe7 19.Rd2 Rc8 20.Rc2 Rc5 21.a3 a5 22.Nf3 g6
23.Ned4 Qd6 24.Nb3 Rc4 25.Nbd4 Ba6 26.b3 Rc5 27.Qb2 Nd7 28.b4 Rxc2 29.Bxc2 axb4
30.axb4 Ne5 31.Qa3 Nxf3+ 32.Nxf3 Be2 33.Nd4 Nxd4 34.exd4 Qc6 35.Qb2 Bc4 36.Qc3 b5
37.h4 Qf6 38.g3 Qe6 39.Qe3 Qxe3 40.fxe3 f5 41.Kf2 h5  1/2-1/2

[Event "Regionalliga SO9899"]
[Site "Bayern"]
[Date "1999.??.??"]
[Round "?"]
[White "Fartmann, Berthold"]
[Black "Huber, Hans"]
[Result "1-0"]
[WhiteElo "2020"]
[BlackElo "2025"]

1.d4 Nf6 2.c4 e6 3.Nf3 d5 4.Nc3 Be7 5.Bf4 O-O 6.e3 c6 7.Qc2 Nbd7 8.cxd5 exd5
9.Bd3 Re8 10.h3 Nf8 11.O-O-O Bd6 12.Bxd6 Qxd6 13.Kb1 Be6 14.g4 Qe7 15.Ne5 N6d7
16.Nxd7 Bxd7 17.Rdg1 Qd6 18.g5 b6 19.h4 c5 20.h5 c4 21.Bf5 g6 22.Bxd7 Qxd7
23.e4 Qd6 24.Nxd5 Nd7 25.hxg6 fxg6 26.Qxc4 Qe6 27.f3 Rac8 28.Ne7+  1-0

[Event "Bratto op 19th"]
[Site "Bratto"]
[Date "1999.??.??"]
[Round "7"]
[White "Brancaleoni, Maurizio"]
[Black "Moloney, Nicholas"]
[Result "0-1"]
[WhiteElo "2182"]
[BlackElo "2120"]

1.Nf3 Nf6 2.c4 e6 3.Nc3 d5 4.d4 Be7 5.Bf4 O-O 6.e3 c5 7.dxc5 Qa5 8.Rc1 Nc6
9.Nd4 dxc4 10.Bd6 Bxd6 11.cxd6 Nxd4 12.Qxd4 b5 13.Be2 Bb7 14.O-O Rad8 15.b4 Qa6
16.a4 bxa4 17.b5 Qxd6 18.Qxa7 Bd5 19.Qxa4 Ra8 20.Qc2 Qe5 21.Rfe1 Rfc8 22.Bf1 Ne4
23.f3 Nd6 24.Qd2 Bb7 25.f4 Qc5 26.Qb2 h5 27.h3 Ra3 28.Kh2 Rb3 29.Qc2 Qb4
30.Red1 Rb2 31.Qa4 Qc5 32.Qa1 Rf2 33.Na4 Qxe3 34.Qd4 Nf5 35.Qxe3 Nxe3 36.Rd7 Nxf1+
37.Kg1 Rxg2+ 38.Kxf1 Rh2 39.Rxb7 Rh1+ 40.Ke2 Rxc1 41.b6 Rb1 42.f5 exf5 43.Nc3 Rb2+
44.Ke3 Rd8 45.Kf4 g6  0-1

[Event "FRA-chT 9899"]
[Site "FRA"]
[Date "1999.??.??"]
[Round "6"]
[White "Eliet, Nicolas"]
[Black "Goldgewicht, Lionel"]
[Result "1/2-1/2"]
[WhiteElo "2408"]
[BlackElo "2353"]

1.d4 e6 2.c4 d5 3.Nc3 Be7 4.Nf3 Nf6 5.Bf4 O-O 6.e3 c5 7.dxc5 Bxc5 8.a3 Nc6
9.Rc1 Qa5 10.Nd2 Be7 11.Bg3 Bd7 12.Be2 Rfc8 13.O-O Qd8 14.cxd5 exd5 15.Nb3 Be6
16.Nd4 Qd7 17.Nxc6 bxc6 18.Ba6 Rd8 19.b4 c5 20.Bb5 Qb7 21.bxc5 Bxc5 22.Qa4 Bd7
23.Rb1 Bxb5 24.Rxb5 Qe7 25.Bh4 Rac8 26.Qb3 d4 27.Rb7 Rd7 28.Rxd7 Qxd7 29.Bxf6 gxf6
30.Ne4 Be7 31.exd4 Qxd4 32.Qf3 Rd8 33.Ng3 Qd5 34.Qg4+ Qg5 35.Qf3  1/2-1/2

[Event "Open des Vins"]
[Site "FRA"]
[Date "1999.??.??"]
[Round "7"]
[White "Vasilescu, Lucian"]
[Black "Maleki, Nicolas"]
[Result "1-0"]
[WhiteElo "2390"]
[BlackElo "2010"]

1.d4 d5 2.c4 e6 3.Nc3 Nf6 4.Nf3 Be7 5.Bf4 c6 6.e3 Nbd7 7.c5 b6 8.b4 bxc5
9.bxc5 Qa5 10.Qc2 Ne4 11.Rc1 f6 12.Nd2 Nxd2 13.Qxd2 e5 14.Bg3 O-O 15.Be2 Ba6
16.Nxd5 Qxd2+ 17.Kxd2 cxd5 18.Bxa6 f5 19.Bb7 Rad8 20.c6 f4 21.c7 Rc8 22.exf4 exf4
23.Bxc8 Bb4+ 24.Kd3  1-0

[Event "FRA-chT 9899"]
[Site "FRA"]
[Date "1999.??.??"]
[Round "11"]
[White "Sulipa, Aleksandar"]
[Black "Heinis, Vincent"]
[Result "1/2-1/2"]
[WhiteElo "2424"]
[BlackElo "2266"]

1.d4 Nf6 2.c4 e6 3.Nf3 d5 4.Nc3 Be7 5.Bf4 O-O 6.e3 c5 7.dxc5 Bxc5 8.a3 Nc6
9.b4 Nxb4 10.axb4 Bxb4 11.Qb3 a5 12.Nd2 d4 13.Ncb1 Ne4 14.Qxb4 axb4 15.Rxa8 e5
16.Bg3 Nc3 17.e4 f5 18.Bxe5 fxe4 19.c5 Nxb1 20.Bc4+ Kh8 21.Nxe4 Qe7 22.f4 Bf5
23.Rxf8+ Qxf8 24.Nd6 h6 25.g4 Bxg4 26.Rg1 h5 27.h3 Na3 28.Nf7+  1/2-1/2

[Event "Oberliga Nord O9899"]
[Site "GER"]
[Date "1999.??.??"]
[Round "?"]
[White "Richter, Michael"]
[Black "Rossmann, Helmut"]
[Result "1/2-1/2"]
[WhiteElo "2325"]
[BlackElo "2280"]

1.d4 d5 2.c4 e6 3.Nc3 Be7 4.Nf3 Nf6 5.Bf4 O-O 6.e3 c5 7.dxc5 Bxc5 8.a3 Nc6
9.b4 Bd6 10.cxd5 exd5 11.Bxd6 Qxd6 12.Be2 Bg4 13.O-O Rfd8 14.Nb5 Qe7 15.Nbd4 Bxf3
16.Bxf3 a5 17.b5 Ne5 18.Qb3 a4 19.Qa2 Ne4 20.Be2 Rac8 21.Rfc1 Nc3 22.Qd2 Nxe2+
23.Nxe2 Rxc1+ 24.Qxc1 Qd7 25.Nd4 Rc8 26.Qd1 Rc4 27.h3 Qc7 28.Nf5 g6 29.b6 Qd7
30.Qxd5 Qxf5 31.f4 Qe4 32.Qxe5 Qxe5 33.fxe5 Rc3 34.Kf2 Kf8 35.Kf3 Ke7 36.Ke4 Ke6
37.g4 Rb3 38.Rc1 Rxb6 39.Rc4 Rb5 40.Rxa4 Rxe5+ 41.Kf3 h5 42.Rb4 hxg4+ 43.hxg4 b5
44.Rd4 Rc5 45.Kf4 Rc3 46.Re4+ Kf6 47.a4 g5+ 48.Kf3 Rb3 49.Rd4 bxa4 50.Rxa4 Rb6
51.Ra5 Kg6 52.Rd5 Rb4 53.Rd6+ f6 54.Ra6  1/2-1/2

[Event "Oberliga Nord O9899"]
[Site "GER"]
[Date "1999.??.??"]
[Round "?"]
[White "Richter, Michael"]
[Black "Baumbach, Friedrich"]
[Result "1/2-1/2"]
[WhiteElo "2325"]
[BlackElo "2315"]

1.d4 d5 2.c4 e6 3.Nf3 Nf6 4.Nc3 Be7 5.Bf4 O-O 6.e3 c5 7.dxc5 Qa5 8.a3 dxc4
9.Bxc4 Qxc5 10.Qe2 Nc6 11.O-O Nh5 12.Bc7 Na5 13.Bxa5 Qxa5 14.b4 Qc7 15.Rac1 Bd7
16.Ne4 Rac8 17.Nfg5 Nf6 18.Nxf6+ Bxf6 19.Nxh7 Rfd8 20.Nxf6+ gxf6 21.Qb2 Qe5
22.Qb3 Bc6 23.b5 Be4 24.f3 Bd3 25.Rfe1 Bxc4 26.Rxc4 Rxc4 27.Qxc4 Rd2 28.Qg4+ Kh7
29.a4 Ra2 30.Qh4+ Kg7 31.Qg4+ Qg5 32.Qxg5+ fxg5 33.Rc1 Rxa4 34.Rc7 b6 35.Kf2 Ra5
36.Kg3 Rxb5 37.Rxa7 Rb2 38.e4 Kg6 39.Rb7 f6  1/2-1/2

[Event "DDMM (Women)"]
[Site "Germany"]
[Date "1999.??.??"]
[Round "5.8"]
[White "Liebs, Hannelore"]
[Black "Von der Weth, Petra"]
[Result "1/2-1/2"]
[WhiteElo "1885"]
[BlackElo "1670"]

1.d4 Nf6 2.c4 e6 3.Nc3 d5 4.Nf3 Be7 5.Bf4 c6 6.cxd5 exd5 7.e3 O-O 8.h3 Nbd7
9.Bd3 c5 10.O-O c4 11.Bc2 a6 12.a4 Re8 13.Nd2 Nf8 14.a5 Be6 15.e4 dxe4 16.Ndxe4 Nxe4
17.Bxe4 Bd6  1/2-1/2

[Event "Havana Provincial"]
[Site "Havana"]
[Date "1999.??.??"]
[Round "?"]
[White "Nunez, Antonio"]
[Black "Poyato, Antonio"]
[Result "1-0"]
[WhiteElo "2345"]
[BlackElo "2205"]

1.d4 d5 2.c4 e6 3.Nc3 Be7 4.Nf3 Nf6 5.Bf4 O-O 6.e3 c6 7.Qc2 a5 8.Rd1 Nbd7
9.Bd3 dxc4 10.Bxc4 Nb6 11.Be2 Nbd5 12.Bg3 Nxc3 13.bxc3 a4 14.O-O Nh5 15.c4 Nxg3
16.hxg3 Qc7 17.c5 g6 18.e4 Bd7 19.Rb1 Rfb8 20.Rb6 f6 21.e5 Rd8 22.Rfb1 Bc8
23.R1b4 a3 24.Qb3 fxe5 25.Rxb7 Bxb7 26.Rxb7 Qc8 27.Rxe7 exd4 28.Bc4 Kf8 29.Rxh7 d3
30.Qc3 e5 31.Rh8+  1-0

[Event "HUN-chT9899"]
[Site "HUN"]
[Date "1999.??.??"]
[Round "?"]
[White "Ribli, Zoltan"]
[Black "Portisch, Lajos"]
[Result "1/2-1/2"]
[WhiteElo "2590"]
[BlackElo "2595"]

1.Nf3 Nf6 2.c4 e6 3.Nc3 d5 4.d4 Be7 5.Bf4 O-O 6.e3 c5 7.dxc5 Bxc5 8.a3 Nc6
9.b4 Be7 10.cxd5 exd5 11.Be2 Be6 12.Nd4 Rc8 13.O-O a5 14.Nxc6 Rxc6 15.Qd4 Ne8
16.Rfd1 Bf6 17.Be5 Bxe5 18.Qxe5 Qf6 19.Qxf6 Nxf6 20.Nb5 Ra8 21.Nd4 Rc3 22.bxa5 Rxa5
23.a4 h6 24.Rdb1 Bd7 25.Rxb7 Rxa4 26.Rab1 Rca3 27.h3 Ra1 28.Rb8+ Kh7 29.Bd3+ g6
30.g4 Rxb1+ 31.Bxb1 Ra3 32.Kg2 Kg7 33.Kf3 h5 34.g5 Nh7 35.h4 Nf8 36.Rb7 Bg4+
37.Kg2 Ne6 38.Nb5 Ra5 39.Nd6 Nd8 40.Rb6 Kf8 41.Bd3  1/2-1/2

[Event "HUN-chT29899"]
[Site "HUN"]
[Date "1999.??.??"]
[Round "?"]
[White "Sarosi, Zoltan"]
[Black "Filep, Tibor"]
[Result "1/2-1/2"]
[WhiteElo "2370"]
[BlackElo "2245"]

1.d4 Nf6 2.c4 e6 3.Nf3 d5 4.Nc3 Be7 5.Bf4 O-O 6.e3 c6 7.h3 Nbd7 8.Qc2 a6
9.cxd5 exd5 10.Bd3 Re8 11.O-O-O Nf8 12.g4 Bd6 13.Bxd6 Qxd6 14.g5 N6d7 15.h4 b5
16.h5 b4 17.Na4 a5 18.g6 fxg6 19.hxg6 h6 20.Kb1 Ba6 21.Bxa6 Rxa6 22.Rhg1 Qf6
23.Rg3 Raa8 24.Rdg1 Rac8  1/2-1/2

[Event "HUN-chT29899"]
[Site "HUN"]
[Date "1999.??.??"]
[Round "?"]
[White "Meszaros, Matyas"]
[Black "Antal, Jozsef"]
[Result "0-1"]
[WhiteElo "2185"]
[BlackElo "2170"]

1.d4 d5 2.c4 e6 3.Nc3 Nf6 4.Nf3 Be7 5.Bf4 c6 6.e3 O-O 7.Bd3 dxc4 8.Bxc4 Qa5
9.O-O Nd5 10.Nxd5 cxd5 11.Bd3 Nc6 12.a3 a6 13.h4 Qd8 14.g3 b5 15.Bxh7+ Kxh7
16.Qc2+ Kg8 17.Qxc6 Ra7 18.Rac1 Bd7 19.Qc2 b4 20.a4 Qa5 21.b3 Rc8 22.Qd3 Raa8
23.Ne5 Be8 24.h5 Rc3 25.Rxc3 bxc3 26.Rc1 Rc8 27.g4 Ba3 28.Rc2 Bb2 29.g5 Qb6
30.Ng4 Qxb3 31.Nf6+ gxf6 32.gxf6 Bxa4 33.e4 Kh8  0-1

[Event "La Coruna op 10th"]
[Site "La Coruna"]
[Date "1999.??.??"]
[Round "9"]
[White "Ivanov, Jordan"]
[Black "Caselas, Jacobo"]
[Result "1/2-1/2"]
[WhiteElo "2400"]
[BlackElo "2315"]

1.d4 Nf6 2.c4 e6 3.Nf3 d5 4.Nc3 Be7 5.Bf4 c5 6.dxc5 Bxc5 7.e3 O-O 8.a3 a6
9.Qc2 dxc4 10.Bxc4 Nbd7 11.Bd3 b5 12.Ne4 Bb7 13.Nxc5 Nxc5 14.Bxh7+ Nxh7 15.Qxc5 Rc8
16.Qd6 Bxf3 17.gxf3 Rc2  1/2-1/2

[Event "Lenk op"]
[Site "Lenk"]
[Date "1999.??.??"]
[Round "3"]
[White "Moor, Olivier"]
[Black "Kelecevic, Nedeljko"]
[Result "1-0"]
[WhiteElo "2304"]
[BlackElo "2425"]

1.d4 e6 2.c4 Nf6 3.Nc3 d5 4.Nf3 Be7 5.Bf4 O-O 6.e3 Nbd7 7.cxd5 exd5 8.Qc2 c6
9.Bd3 Re8 10.O-O Nf8 11.h3 Ne6 12.Be5 g6 13.Rab1 c5 14.dxc5 Nxc5 15.Rbd1 Nxd3
16.Qxd3 Be6 17.Nd4 Nd7 18.Bh2 Nc5 19.Qe2 Bd6 20.Bxd6 Qxd6 21.Qf3 Qe5 22.Nde2 Ne4
23.Rd4 Rac8 24.Rfd1 Rc5 25.Rb4 b6 26.Rdd4 f5 27.Rd3 Rec8 28.Qf4 Qg7 29.Rbd4 g5
30.Qh2 Kh8 31.f3 Nf6 32.Qe5 Re8 33.Qd6 Qf7 34.Qg3 Qg7 35.h4 h6 36.Qh2 Kg8
37.Ra4 a5 38.Nd4 Bd7 39.Ra3 Qe7 40.Rb3 f4 41.hxg5 hxg5 42.Qh6 Nh7 43.Rxb6 fxe3
44.Nde2 Bf5 45.Rxd5 Rxd5 46.Nxd5 Qg7 47.Qxg7+ Kxg7 48.Rb3 Re5 49.Nxe3 Be6
50.Rb7+ Kg6 51.Kf2 Bxa2 52.b3 Nf6 53.Nc3 g4 54.Nc4 Rc5 55.Nxa2 a4 56.Ne3 axb3
57.Rxb3 gxf3 58.gxf3 Nh5 59.Nc3 Nf4 60.Ne4 Ra5 61.Rb6+ Kg7 62.Kg3 Nd3 63.Rb3 Ne5
64.f4 Nf7 65.Rb7 Kf8 66.Nc4  1-0

[Event "Nereto op"]
[Site "Nareto"]
[Date "1999.??.??"]
[Round "3"]
[White "Moyse, Nigel"]
[Black "Leoncini, Mario"]
[Result "1-0"]
[WhiteElo "2130"]
[BlackElo "2164"]

1.d4 d5 2.c4 e6 3.Nc3 Nf6 4.Nf3 Be7 5.Bf4 c5 6.e3 O-O 7.Bd3 Nc6 8.O-O cxd4
9.exd4 b6 10.Rc1 Nb4 11.Be2 dxc4 12.Bxc4 Bb7 13.Be3 Rc8 14.Qe2 Qd6 15.Ne5 Nbd5
16.Nb5 Qb8 17.Bg5 Rfd8 18.Rfe1 Re8 19.Bxf6 Bxf6 20.Nd7 Qf4 21.g3 Qh6 22.Nd6 Ba8
23.Nxe8 Rxe8 24.Bxd5 Bxd5 25.Nxf6+ Qxf6 26.Rc3 Rd8 27.Qe5 Qh6 28.Qe3 Qh3
29.f3 Qf5 30.Rec1 h6 31.Qd3 Qf6 32.Rc8 g6 33.Qe3 Kh7 34.Rxd8 Qxd8 35.Qf4 Kg7
36.Rc7 Qf6 37.Qxf6+ Kxf6 38.Kf2 Bxa2 39.Rxa7 Bc4 40.Ke3 b5 41.Rc7 g5 42.Rxc4 bxc4
43.Kd2 e5 44.Kc3 g4 45.fxg4 e4 46.Kxc4 Kg5 47.h3  1-0